header

Random walks and electric networks (Record no. 153578)

MARC details
000 -LEADER
fixed length control field 01528nam a2200373 a 4500
082 04 - DEWEY DECIMAL CLASSIFICATION NUMBER
Classification number 519.2/82
100 1# - MAIN ENTRY--AUTHOR NAME
Personal name Doyle, Peter G.
245 10 - TITLE STATEMENT
Title Random walks and electric networks
260 ## - PUBLICATION, DISTRIBUTION, ETC. (IMPRINT)
Place of publication Washington, D.C. :
Name of publisher Mathematical Association of America,
Year of publication c1984.
300 ## - PHYSICAL DESCRIPTION
Number of Pages xiii, 159 p. :
Other physical details ill.
500 ## - GENERAL NOTE
General note Second printing, 1988.
505 0# - FORMATTED CONTENTS NOTE
Formatted contents note pt. I. Random walks on finite networks -- pt. II. Random walks on infinite networks.
650 #0 - SUBJECT ADDED ENTRY--TOPICAL TERM
Topical Term Random walks (Mathematics)
Topical Term Electric network topology.
700 1# - ADDED ENTRY--PERSONAL NAME
Personal name Snell, J. Laurie
856 40 - ELECTRONIC LOCATION AND ACCESS
Uniform Resource Identifier http://site.ebrary.com/lib/rucke/Doc?id=10722445

No items available.

© 2026 Rongo University
Contact us: librarian | system librarian | Rongo university